The Pilot's guide to afforadable classics

Bibliographic Details
Main Author: Clarke, Bill(Charles W.)
Format: Book
Published: New York : McGraw-Hill , 1993
Edition:2nd ed
Subjects:

MARC

LEADER 00000cam a2200000 7i4500
001 0000002251
002 000002452
005 20000330.0
020 |a 0830641068 
090 0 0 |a 629.133340297   |b CLA 
100 1 |a Clarke, Bill(Charles W.) 
245 1 4 |a The Pilot's guide to afforadable classics   |c Bill Clarke 
250 |a 2nd ed 
260 |a New York :   |b McGraw-Hill ,   |c 1993 
300 |a 308p. ;   |c 24cm. 
650 0 0 |a Used aircraft   |x Purchasing 
999 |a 035635   |b BUKU   |c RUJUKAN   |e PERPUSTAKAAN KOMUNITI PETALING JAYA